| 000 | 01703nam a2200361 a 4500 | ||
|---|---|---|---|
| 001 | |||
| 003 | DO-SdBNP | ||
| 005 | 20210811112218.0 | ||
| 007 | |||
| 008 | 090509s2020 dr 000 0 spa d | ||
| 020 | _z 9789945613728 | ||
| 040 |
_aBPMSU _bspa _cBPMSU |
||
| 050 | _b | ||
| 082 |
_a305.42 _bM385a 2020 _222 |
||
| 100 | 1 | _a Martínez, Lusitania. | |
| 245 | 1 | 0 |
_aActitudes femeninas frente a los oficios no tradicionales / _cLusitania Martínez _b |
| 250 | _a2a. ed. | ||
| 260 |
_aSanto Domingo : _bCentro de Solidaridad para el Desarrollo de la Mujer, _c2020 |
||
| 300 |
_a210 p. ; _c23 cm. |
||
| 505 | 0 | _aLa división sexual del trabajo : actividades reproductivas y productivas de la mujer -- sexualidad de la división del trabajo -- Introducción: Lo concreto: mujer y trabajo en América Latina -- Variables en la relación mujer-trabajo -- República Dominicana: educación, mujer, trabajo y crisis -- Las actitudes femeninas -- República Dominicana: los Mina Norte, breve contexto global -- Los Mina Norte: un caso de marginalidad -- Las historias de vida de cuatro mujeres marginadas -- Breve perfil de 5 mujeres que hacen oficios de hombre -- Cuadros de la GTZ. | |
| 650 | 4 |
_aEducación de la mujer _zRepública Dominicana |
|
| 650 | 4 | _aMujeres en República Dominicana | |
| 650 | 4 |
_aTrabajo de la mujer _zRepública Dominicana |
|
| 650 | 4 |
_aMujeres _xCondiciones sociales |
|
| 710 | 2 | _a Archivo General de la Nación (República Dominicana) | |
| 910 | _aVMateo V. | ||
| 942 |
_2ddc _cBK |
||
| 945 | _aInventariado / 2017 VM | ||
| 956 |
_a _b _c _l _h |
||
| 956 |
_a _b _c _l _h |
||
| 956 |
_a _b _c _l _h |
||
| 956 |
_aVMATEO _b10 _c20150807 _lBPMSU _h00151 |
||
| 999 |
_c13649 _d13649 |
||